| 000 | 00000nam 2200000zi 4500 |
| 001 | 9.941616 |
| 003 | CaOODSP |
| 005 | 20250120083724 |
| 006 | m o d f |
| 007 | cr bn||||||||| |
| 008 | 240808t20242024onc oz f000 0 eng d |
| 020 | |a9780660730684 |
| 040 | |aCaOODSP|beng|erda|cCaOODSP |
| 041 | 0 |aeng|afre |
| 043 | |an-cn---|aa-cy--- |
| 086 | 1 |aFR4-2024/18-PDF |
| 130 | 0 |aAgreement between the Government of Canada and the Government of the Republic of Cyprus concerning Emergency Evacuation Operations, via the Territory of the Republic of Cyprus |d(2024 August 6) |
| 245 | 10|aCyprus / Evacuation operations - Agreement between the Government of Canada and the Government of the Republic of Cyprus concerning Emergency Evacuation Operations, via the Territory of the Republic of Cyprus = |bChypre / Opérations d'évacuation - Accord entre le Gouvernement du Canada et le Gouvernement de la République de Chypre concernant les opérations d'évacuation d'urgence, via le territoire de la République de Chypre. |
| 246 | 31|aChypre / Opérations d'évacuation - Accord entre le Gouvernement du Canada et le Gouvernement de la République de Chypre concernant les opérations d'évacuation d'urgence, via le territoire de la République de Chypre |
| 264 | 1|a[Ottawa] : |bTreaty Law Division of the Department of Foreign Affairs, Trade and Development = Direction du droit des traités du Ministère des affaires étrangères, du commerce et du développement, |c[2024] |
| 264 | 4|c©2024 |
| 300 | |a1 online resource (5, 5 pages). |
| 336 | |atext|btxt|2rdacontent |
| 337 | |acomputer|bc|2rdamedia |
| 338 | |aonline resource|bcr|2rdacarrier |
| 490 | 1 |aTreaty series = |aRecueil des traités ; |v2024/18 |
| 500 | |a"Done at Nicosia and Ottawa on 6 August 2024. In Force on 6 August 2024." |
| 500 | |aAlternate pages have duplicate numbering. |
| 546 | |aText in English and French. |
| 650 | 0|aEvacuation of civilians|zCanada. |
| 650 | 0|aEvacuation of civilians|zCyprus. |
| 650 | 0|aIsrael-Hamas War, 2023|zEvacuation of civilians. |
| 651 | 0|aCanada|xForeign relations|vTreaties. |
| 651 | 0|aCyprus|xForeign relations|vTreaties. |
| 655 | 7|aTreaties|2lcgft |
| 710 | 1 |aCanada. |bGlobal Affairs Canada. |bTreaty Law Division, |eissuing body. |
| 710 | 1 |aCanada, |eparticipant in treaty. |
| 710 | 1 |aCyprus, |eparticipant in treaty. |
| 788 | |tCyprus / Evacuation operations - Agreement between the Government of Canada and the Government of the Republic of Cyprus concerning Emergency Evacuation Operations, via the Territory of the Republic of Cyprus = |efre|w(CaOODSP)9.941615 |
| 830 | #0|aCanada treaty series ;|v2024/18.|w(CaOODSP)9.811730 |
| 856 | 40|qPDF|s306 KB|uhttps://publications.gc.ca/collections/collection_2024/amc-gac/FR4-2024-18.pdf |